Sports Quiz

Random Sports or Baseball Quiz

Triple A Baseball Quiz Stats

 Plays Quiz not verified by Sporcle

Support Sporcle.
Go Orange.
Score 0/30 Timer 12:00
0 Plays Today
Major League Team AAA Team % Correct
Boston Red SoxPawtucket Red Sox
73.8%
Chicago CubsIowa Cubs
58.8%
Detroit TigersToledo Mud Hens
57.8%
Cleveland IndiansColumbus Clippers
54%
Tampa Bay RaysDurham Bulls
51.9%
LA DodgersAlbuquerque Isotopes
49.7%
Pittsburgh PiratesIndianapolis Indians
47.6%
Toronto Blue JaysLas Vegas 51s
47.6%
Baltimore OriolesNorfolk Tides
46%
Cincinnati RedsLouisville Bats
44.4%
Chicago White SoxCharlotte Knights
43.3%
Minnesota TwinsRochester Red Wings
43.3%
New York MetsBuffalo Bisons
43.3%
St. Louis CardinalsMemphis Redbirds
43.3%
New York YankeesScranton Wilkes-Barre Yankees
42.2%
Major League Team AAA Team % Correct
Colorado RockiesColorado Springs Sky Sox
41.7%
Milwaukee BrewersNashville Sounds
41.7%
Florida MarlinsNew Orleans Zephyrs
40.1%
KC RoyalsOmaha Royals
40.1%
Atlanta BravesGwinnett Braves
39%
Houston AstrosRound Rock Express
36.9%
Philadelphia PhilliesLehigh Valley IronPigs
36.9%
Washington NationalsSyracuse Chiefs
36.9%
Seattle MarinersTacoma Rainiers
36.4%
LA Angels of AnaheimSalt Lake Bees
31%
San Francisco GiantsFresno Grizzlies
30.5%
Arizona DiamondbacksReno Aces
29.9%
Oakland A'sSacramento River Cats
29.4%
San Diego PadresPortland Beavers
28.9%
Texas RangersOklahoma City RedHawks
24.1%

You're not logged in!

Compare scores with friends on all Sporcle quizzes.
OR
Log In

From the Vault

Colorful Superheroes/Villains

by spineywolf

It would be hard to be a colorful superhero if your comic was in black and white.
Remove Ads.
Support Sporcle.
Get the best of Sporcle when you Go Orange. This ad-free experience offers more features, more stats, and more fun while also helping to support Sporcle. Thank you for becoming a member.

Show Comments

Extras

Top Quizzes Today


Score Distribution

Your Account Isn't Verified!

In order to create a playlist on Sporcle, you need to verify the email address you used during registration. Go to your Sporcle Settings to finish the process.

Report this User

Report this user for behavior that violates our Community Guidelines.

Details: